| 000 | 00379nam a2200169Ia 4500 | ||
|---|---|---|---|
| 005 | 20250423095908.0 | ||
| 008 | 250422s9999 xx 000 0 und d | ||
| 020 | _a0- 596- 00143- 6 | ||
| 050 | _aQA 76.73 .J38 B88/ | ||
| 100 | _aEric M. Burke | ||
| 245 | 0 | _aJava and XSLT | |
| 260 | _aCalifornia | ||
| 260 | _bO'Reilly | ||
| 260 | _c2001 | ||
| 300 | _a510 p | ||
| 942 | _cBK | ||
| 999 |
_c31657 _d31657 |
||